000
00311nam a2200121Ia 4500
008
220216s9999 xx 000 0 und d
100
_a
Scott J R
245
0
_a
Rubber test methods: 1959 meeting of ISO/TC45
260
_b
Proceedings of the IRI
_c
1960
300
_a
21-29
650
_a
Test methods
942
_c
JS
999
_c
68030
_d
68030